Fashion Communications Between Italy and China (Record no. 4897)

MARC details
000 -CABECERA
campo de control de longitud fija 02591nam a22003253u 4500
001 - NÚMERO DE CONTROL
campo de control 14283658
005 - FECHA Y HORA DE LA ÚLTIMA TRANSACCIÓN
campo de control 20250828103334.0
006 - CÓDIGOS DE INFORMACIÓN DE LONGITUD FIJA--CARACTERÍSTICAS DEL MATERIAL ADICIONAL
campo de control de longitud fija m d
007 - CAMPO FIJO DE DESCRIPCIÓN FÍSICA--INFORMACIÓN GENERAL
campo de control de longitud fija cr n
008 - DATOS DE LONGITUD FIJA--INFORMACIÓN GENERAL
campo de control de longitud fija 250820s2025 ||||||||o|||||||| ||||| d
020 ## - NÚMERO INTERNACIONAL ESTÁNDAR DEL LIBRO
Número Internacional Estándar del Libro 9781350544048
035 ## - NÚMERO DE CONTROL DEL SISTEMA
Número de control de sistema (WaSeSS)ssib060623231
040 ## - FUENTE DE LA CATALOGACIÓN
Centro catalogador/agencia de origen WaSeSS
Centro/agencia transcriptor WaSeSS
Centro/agencia modificador WaSeSS
041 ## - CÓDIGO DE LENGUA
Código de lengua del texto/banda sonora o título independiente English
100 ## - ENTRADA PRINCIPAL--NOMBRE DE PERSONA
Nombre de persona Zhang, Gaoheng
9 (RLIN) 25829
245 10 - MENCIÓN DE TÍTULO
Título Fashion Communications Between Italy and China
Resto del título : Unfolding a Sartorial Relationship
Mención de responsabilidad, etc. / Gaoheng Zhang
260 ## - PUBLICACIÓN, DISTRIBUCIÓN, ETC.
Lugar de publicación, distribución, etc. [S.l.] :
Nombre del editor, distribuidor, etc. Bloomsbury UK,
Fecha de publicación, distribución, etc. 2025.
505 ## - NOTA DE CONTENIDO CON FORMATO
Nota de contenido con formato Introduction: Fashion Cultures on the Move — Italian Fashion Made For and Through China: Transcultural Fashion Communications — Beyond Sprezzatura: Popular Culture Translates Italian Ready-to-Wear in China — "Insulting China"?: Dolce & Gabbana's 2018 Advertising Campaign in Shanghai — Fabricating Friction: Critiques of Prato's Chinese-Managed Fast Fashion — Conviviality in Sociality: Made in Italy by Chinese and Italian Hands, Prato Style.
520 ## - SUMARIO, ETC.
Sumario, etc. In this in-depth study, author Gaoheng Zhang analyses the relationship between the Italian ready-to-wear fashion industry and the Chinese fast fashion industry, focussing on the 2000s and 2010s.<br/><br/>Looking first at the communication of Italian fashion in China before examining the impact of Chinese migrants and Chinese fashion on the Italian fashion industry, the author unpacks perceived tensions between “made in China” fast fashion and “made in Italy” ready-to-wear that is viewed as “slow” fashion. In doing so, Zhang exposes the nuances, controversies and ambivalences of Italy's and China's intertwined fashion systems, revealing not only the competition between these two countries, but also their collaboration.<br/><br/>Applying the lenses of communication, cultural and fashion studies to this analysis, Fashion Communications Between Italy and China reflects on global fashion industries more generally and related topics such as globalized fashion-making, fashion-facilitated transcultural identity construction, and fashion-led negotiation of national economic issues.
650 #0 - PUNTO DE ACCESO ADICIONAL DE MATERIA--TÉRMINO DE MATERIA
Término de materia o nombre geográfico como elemento de entrada Fashion
Subdivisión geográfica Italy
650 #0 - PUNTO DE ACCESO ADICIONAL DE MATERIA--TÉRMINO DE MATERIA
Término de materia o nombre geográfico como elemento de entrada Clothing trade
Subdivisión geográfica Italy
650 #0 - PUNTO DE ACCESO ADICIONAL DE MATERIA--TÉRMINO DE MATERIA
Término de materia o nombre geográfico como elemento de entrada Clothing trade
Subdivisión geográfica China
650 #0 - PUNTO DE ACCESO ADICIONAL DE MATERIA--TÉRMINO DE MATERIA
Término de materia o nombre geográfico como elemento de entrada Fashion
Subdivisión geográfica China
650 #0 - PUNTO DE ACCESO ADICIONAL DE MATERIA--TÉRMINO DE MATERIA
Término de materia o nombre geográfico como elemento de entrada Fashion merchandising
Subdivisión de forma Cross-cultural studies.
650 #0 - PUNTO DE ACCESO ADICIONAL DE MATERIA--TÉRMINO DE MATERIA
Término de materia o nombre geográfico como elemento de entrada Communication in marketing
Fuente del encabezamiento o término Fashion -- Cross-cultural studies.
9 (RLIN) 2094
650 #0 - PUNTO DE ACCESO ADICIONAL DE MATERIA--TÉRMINO DE MATERIA
Término de materia o nombre geográfico como elemento de entrada Globalization
9 (RLIN) 2394
650 #0 - PUNTO DE ACCESO ADICIONAL DE MATERIA--TÉRMINO DE MATERIA
Término de materia o nombre geográfico como elemento de entrada Transnationalism in fashion
Fuente del encabezamiento o término Social aspects.
9 (RLIN) 25830
710 2# - ENTRADA AGREGADA--NOMBRE DE ENTIDAD CORPORATIVA
Nombre de entidad corporativa o nombre de jurisdicción como elemento de entrada Bloomsbury Collections: All Titles
942 ## - ELEMENTOS DE ENTRADA AGREGADA (KOHA)
Fuente del sistema de clasificación o colocación Clasificación de Library of Congress
Holdings
Estado de retiro Estado de pérdida Fuente del sistema de clasificación o colocación Estado dañado No para préstamo Biblioteca de origen Biblioteca actual Fecha de adquisición Total de préstamos Signatura topográfica completa Código de barras Fecha visto por última vez Número de copia Precio válido a partir de Tipo de ítem Koha
    Clasificación de Library of Congress     TBS Barcelona TBS Barcelona 28/08/2025   GT522 ZHA B05606 28/08/2025 1 28/08/2025 Book

Powered by Koha